[Event "GRE-ch U14 Attiki"]
[Site "Peristeri"]
[Date "2022.06.27"]
[Round "4"]
[White "Vassis, Anastasios"]
[Black "Parcharidis, Triantafyllos"]
[Result "1-0"]
[WhiteElo "1499"]
[BlackElo "1144"]
[PlyCount "25"]
[EventDate "2022.06.24"]
[EventType "swiss"]
[EventRounds "7"]
[EventCountry "GRE"]
[SourceTitle "EXT 2023"]
[Source "ChessBase"]
[SourceDate "2022.10.05"]
[SourceVersion "1"]
[SourceVersionDate "2022.10.05"]
[SourceQuality "1"]

1. Nf3 d5 2. d4 Nf6 3. e3 c5 4. Be2 cxd4 5. exd4 e6 6. 0-0 Bd6 7. b3 Nc6 8. Bb2 b6 9. Ne5 Ne7 10. Nd2 0-0 11. c4 Bb7 12. Rc1 a5 13. c5 1-0

[Event "GRE-ch South U12"]
[Site "Athens"]
[Date "2020.08.30"]
[Round "4"]
[White "Poupalos, Nikolaos"]
[Black "Vassis, Anastasios"]
[Result "1-0"]
[WhiteElo "1772"]
[BlackElo "1417"]
[PlyCount "111"]
[EventDate "2020.08.28"]
[EventType "swiss"]
[EventRounds "9"]
[EventCountry "GRE"]
[SourceTitle "EXT 2023"]
[Source "ChessBase"]
[SourceDate "2022.10.05"]
[SourceVersion "1"]
[SourceVersionDate "2022.10.05"]
[SourceQuality "1"]

1. e4 Nf6 2. e5 Nd5 3. d4 d6 4. Nf3 Bg4 5. Be2 e6 6. c4 Nb6 7. exd6 cxd6 8. h3 Bf5 9. Nc3 Be7 10. 0-0 0-0 11. Re1 N8d7 12. b3 Rc8 13. Bf1 Nf6 14. Nh4 Bg6 15. Nxg6 hxg6 16. Qf3 d5 17. c5 Nbd7 18. Bf4 b6 19. b4 Nb8 20. Bb5 a6 21. Bxb8 axb5 22. Bh2 bxc5 23. bxc5 Qa5 24. Qd3 b4 25. Nb5 Ra8 26. Reb1 Rfc8 27. Rb2 Ne4 28. f3 Nxc5 29. dxc5 Bf6 30. Rab1 Bxb2 31. Rxb2 Rxc5 32. Nd4 Rc3 33. Qd2 Qc5 34. Kh1 Rc1+ 35. Bg1 Qc3 36. Nb3 Qxd2 37. Rxd2 Rac8 38. Nxc1 Rxc1 39. Rb2 Rc4 40. Kh2 Kf8 41. Kg3 Ke7 42. Kf2 Kd6 43. Ke3 Kc5 44. Kd3+ d4 45. Rc2 Rxc2 46. Kxc2 Kc4 47. Bh2 f6 48. Bd6 e5 49. Bf8 f5 50. Bxg7 e4 51. fxe4 fxe4 52. Kd2 e3+ 53. Ke2 Kd5 54. Kd3 g5 55. Bxd4 e2 56. Bf2 1-0

[Event "GRE-ch U12"]
[Site "Patras"]
[Date "2019.06.25"]
[Round "1.1"]
[White "Makridis, Dimitrios"]
[Black "Vassis, Anastasios"]
[Result "1-0"]
[WhiteElo "1798"]
[BlackElo "1281"]
[PlyCount "75"]
[EventDate "2019.06.25"]
[EventType "swiss"]
[EventRounds "9"]
[EventCountry "GRE"]
[SourceTitle "EXT 2020"]
[Source "ChessBase"]
[SourceDate "2019.10.17"]
[SourceVersion "1"]
[SourceVersionDate "2019.10.17"]
[SourceQuality "1"]
[WhiteTeam "Greece"]
[BlackTeam "Greece"]
[WhiteTeamCountry "GRE"]
[BlackTeamCountry "GRE"]

1. e4 Nf6 2. e5 Nd5 3. c4 Nb6 4. c5 Nd5 5. Bc4 e6 6. Nc3 Nxc3 7. dxc3 Bxc5 8. Qg4 Qe7 9. Qxg7 Qf8 10. Qxf8+ Rxf8 11. Nf3 Rg8 12. g3 b6 13. Bf4 Bb7 14. Ke2 Be7 15. Rad1 Nc6 16. Rd2 0-0-0 17. Rhd1 a6 18. h4 Nb8 19. Ng5 Bxg5 20. hxg5 Be4 21. Ke3 Bg6 22. a4 Rh8 23. b4 Rhg8 24. Ke2 Rge8 25. b5 a5 26. g4 Rh8 27. Be3 Rdg8 28. Rh1 Rg7 29. Rh6 Re8 30. f4 Rh8 31. Bd3 Bxd3+ 32. Kxd3 Kb7 33. Rdh2 d6 34. exd6 cxd6 35. Bd4 e5 36. fxe5 Rxg5 37. exd6 Rxg4 38. Bxh8 1-0

[Event "GRE-ch U10"]
[Site "Rio Achaia"]
[Date "2018.07.06"]
[Round "6"]
[White "Vassis, Anastasios"]
[Black "Giannoulis, Grigorios"]
[Result "0-1"]
[WhiteElo "1150"]
[BlackElo "1333"]
[PlyCount "88"]
[EventDate "2018.07.03"]
[EventType "swiss"]
[EventRounds "9"]
[EventCountry "GRE"]
[SourceTitle "EXT 2019"]
[Source "ChessBase"]
[SourceDate "2018.10.10"]
[SourceVersion "1"]
[SourceVersionDate "2018.10.10"]
[SourceQuality "1"]

1. Nf3 Nf6 2. d4 d5 3. e3 e6 4. Be2 Bd6 5. 0-0 b6 6. b3 Bb7 7. Bb2 0-0 8. Nbd2 Nbd7 9. c4 c5 10. Ne5 Bxe5 11. dxe5 Ne8 12. f4 f6 13. Qe1 fxe5 14. fxe5 Qg5 15. Rxf8+ Nxf8 16. Qf2 d4 17. Nf3 Bxf3 18. Bxf3 dxe3 19. Qe2 Rd8 20. Rd1 Rxd1+ 21. Qxd1 Ng6 22. Qd7 Qe7 23. Qxe7 Nxe7 24. g4 Ng6 25. Kf1 Nf4 26. Bc1 Nd3 27. Bxe3 Nxe5 28. Be2 Nf6 29. h3 Ne4 30. Bf4 Nd7 31. Bf3 Nef6 32. Bc6 e5 33. Bg3 g5 34. Ke2 Kf7 35. Ke3 Ke6 36. Bxd7+ Nxd7 37. a3 Nf6 38. Bh2 h5 39. gxh5 Nxh5 40. Ke4 Nf4 41. h4 gxh4 42. Bxf4 exf4 43. Kxf4 h3 44. Kg3 Ke5 0-1